Строительные металлоконструкции. Энергетика и электрификация. Каталоги промышленного оборудования: номенклатурный каталог на серийно выпускаемые оборудования и изделия

Xehetasun bibliografikoak
Erakunde egilea: СССР Министерство энергетики и электрификации (Минэнерго)
Beste egile batzuk: Баграева Е. Л. (редактор)
Gaia:Исключено из фонда НТБ ТПУ
Hizkuntza:errusiera
Argitaratua: Москва, Информэнерго, 1982
Formatua: MixedMaterials Liburua
KOHA link:https://koha.lib.tpu.ru/cgi-bin/koha/opac-detail.pl?biblionumber=126073

MARC

LEADER 00000nam0a2200000 4500
001 126073
005 20231031131719.0
035 |a (RuTPU)RU\TPU\book\136396 
090 |a 126073 
100 |a 20071123d1982 k y0rusy50 ca 
101 0 |a rus 
102 |a RU 
105 |a y b 000zy 
200 1 |a Строительные металлоконструкции. Энергетика и электрификация. Каталоги промышленного оборудования  |e номенклатурный каталог на серийно выпускаемые оборудования и изделия  |f Министерство энергетики и электрификации СССР ; под ред. Е. Л. Баграева 
210 |a Москва  |c Информэнерго  |d 1982 
215 |a 47 с. 
333 |a Исключено из фонда НТБ ТПУ 
702 1 |a Баграева  |b Е. Л.  |4 340 
712 0 1 |a СССР  |b Министерство энергетики и электрификации (Минэнерго) 
801 1 |a RU  |b 63413507  |c 20071123  |g PSBO 
801 2 |a RU  |b 63413507  |c 20220620  |g PSBO 
942 |c BK